000 00343nam a2200133Ia 4500
008 240624s9999 xx 000 0 und d
041 _aeng
082 _a658.8 SCH
100 _aSCHULZ MAJKEN
245 _aEXPRESSIVE ORGANIZATION LINKING IDENTITY
260 _c2000
_aNew York
_bOxford University Press
300 _a312 : p.
365 _c
_b29
999 _c19821
_d19821